Giáo trình thiết kế kiến trúc nhà dân dụng
Nội dung của cuốn sách giới thiệu những vấn đề chung về nguyên lí thiết kế kiến trúc , đi sâu giới thiệu nguyên lí thiết kế cho hai loại công trình nhà ở và nhà công cộng.
Đã lưu trong:
| Tác giả chính: | |
|---|---|
| Tác giả khác: | |
| Định dạng: | Sách |
| Ngôn ngữ: | Vietnamese |
| Được phát hành: |
H.
Xây dựng
2012
|
| Phiên bản: | Tái bản |
| Những chủ đề: | |
| Các nhãn: |
Thêm thẻ
Không có thẻ, Là người đầu tiên thẻ bản ghi này!
|
| Thư viện lưu trữ: | Thư viện Trường Đại học Nam Cần Thơ |
|---|
| LEADER | 01298nam a22002297a 4500 | ||
|---|---|---|---|
| 001 | NCT_38848 | ||
| 008 | 180602b xxu||||| |||| 00| 0 vie d | ||
| 999 | |c 1875 |d 1875 | ||
| 020 | |c 38000 | ||
| 082 | 0 | 4 | |2 23rd ed. |a 728.3 |b T305 |
| 100 | 1 | |a Đặng Thị Phúc Tiến | |
| 245 | 1 | 0 | |a Giáo trình thiết kế kiến trúc nhà dân dụng |c Đặng Thị Phúc Tiến, Đỗ Thị Minh Phúc |
| 250 | |a Tái bản | ||
| 260 | |a H. |b Xây dựng |c 2012 | ||
| 300 | |a 115tr. |b Mô hình |c 27 cm | ||
| 520 | 3 | |a Nội dung của cuốn sách giới thiệu những vấn đề chung về nguyên lí thiết kế kiến trúc , đi sâu giới thiệu nguyên lí thiết kế cho hai loại công trình nhà ở và nhà công cộng. | |
| 653 | |a Kiến trúc | ||
| 700 | 1 | |a Đỗ Thị Minh Phúc | |
| 942 | |2 ddc |c BK | ||
| 952 | |0 0 |1 0 |2 ddc |4 0 |6 728_300000000000000_T305 |7 0 |9 9507 |a 000001 |b 000001 |d 2018-06-02 |l 1 |o 728.3 T305 |p MD.08613 |r 2019-10-16 |s 2019-10-04 |v 38000.00 |w 2018-06-02 |y BK | ||
| 952 | |0 0 |1 0 |2 ddc |4 0 |6 728_300000000000000_T305 |7 0 |9 9508 |a 000001 |b 000001 |d 2018-06-02 |l 1 |o 728.3 T305 |p MD.08618 |q 2022-03-02 |r 2022-02-16 |s 2022-02-16 |v 38000.00 |w 2018-06-02 |y BK | ||
| 980 | |a Thư viện Trường Đại học Nam Cần Thơ | ||